Two-sided matching : (Record no. 30192)

000 -LEADER
fixed length control field 00793 a2200205 4500
020 ## - INTERNATIONAL STANDARD BOOK NUMBER
International Standard Book Number 0521437881
020 ## - INTERNATIONAL STANDARD BOOK NUMBER
International Standard Book Number 9780521437882
028 42 - PUBLISHER NUMBER
Publisher number 9780521437882
Source Cambridge University Press
082 ## - DEWEY DECIMAL CLASSIFICATION NUMBER
Classification number 511.64
090 ## - LOCALLY ASSIGNED LC-TYPE CALL NUMBER (OCLC); LOCAL CALL NUMBER (RLIN)
-- 1582
-- 1582
100 1# - MAIN ENTRY--PERSONAL NAME
Personal name Roth, Alvin E.
245 10 - TITLE STATEMENT
Title Two-sided matching :
Remainder of title a study in game-theoretic modeling and analysis /
Statement of responsibility, etc. Alvin E. Roth, Marilda A. Oliveira Sotomayor.
260 ## - PUBLICATION, DISTRIBUTION, ETC.
Place of publication, distribution, etc. [S.l.] :
Name of publisher, distributor, etc. Cambridge University Press,
Date of publication, distribution, etc. 1992.
300 ## - PHYSICAL DESCRIPTION
Extent 280 p. ;
Dimensions 23 cm.
490 1# - SERIES STATEMENT
Series statement Econometric society monographs.
700 1# - ADDED ENTRY--PERSONAL NAME
Personal name Sotomayor, Marilda A. Oliveira.
830 #0 - SERIES ADDED ENTRY--UNIFORM TITLE
Uniform title Econometric society monographs.
942 ## - ADDED ENTRY ELEMENTS (KOHA)
Institution code [OBSOLETE] SNS
Koha item type Book
Call number prefix 511.64 ROT
Holdings
Withdrawn status Lost status Damaged status Not for loan Permanent Location Current Location Date acquired Total Checkouts Full call number Barcode Date last seen Price effective from Koha item type
        School of Natural Sciences (SNS) School of Natural Sciences (SNS) 05/26/2016   511.64 ROT SNS0001737 05/26/2016 05/26/2016 Book
© 2023 Central Library, National University of Sciences and Technology. All Rights Reserved.